Catálogo
 En Linea

Romances / (Registro nro. 19638)

Detalles MARC
000 -CABECERA
campo de control de longitud fija 00740nam a2200241 a 4500
001 - NÚMERO DE CONTROL
campo de control 000020130
005 - FECHA Y HORA DE LA ÚLTIMA TRANSACCIÓN
campo de control 20200929170259.0
008 - DATOS DE LONGITUD FIJA--INFORMACIÓN GENERAL
campo de control de longitud fija 800131s1968 sp 001 p spa d
040 ## - FUENTE DE LA CATALOGACIÓN
Centro catalogador/agencia de origen DO-SdBNP
Lengua de catalogación spa
Centro/agencia transcriptor BNPHU
082 ## - NÚMERO DE LA CLASIFICACIÓN DECIMAL DEWEY
Número de clasificación 861.5
Número de documento/Ítem R618r, 1968
049 ## - FONDOS LOCALES (OCLC)
Fondos de biblioteca BNGR
100 1# - ENTRADA PRINCIPAL--NOMBRE DE PERSONA
Nombre de persona Rivas, Ángel de Saavedra,
Títulos y otros términos asociados al nombre Duque de,
Fechas asociadas al nombre 1791-1865
9 (RLIN) 8738
245 10 - MENCIÓN DE TÍTULO
Título Romances /
Mención de responsabilidad, etc. Duque de Rivas.
250 ## - MENCIÓN DE EDICIÓN
Mención de edición 7a ed.
260 ## - PUBLICACIÓN, DISTRIBUCIÓN, ETC.
Lugar de publicación, distribución, etc. Madrid :
Nombre del editor, distribuidor, etc. Espasa-Calpe,
Fecha de publicación, distribución, etc. 1968.
300 ## - DESCRIPCIÓN FÍSICA
Extensión 245 p ;
Dimensiones 18 cm.
490 1# - MENCIÓN DE SERIE
Mención de serie Austral. Gris: clásicos
Designación de volumen o secuencia 46
500 ## - NOTA GENERAL
Nota general Incluye índice de autores
650 #4 - PUNTO DE ACCESO ADICIONAL DE MATERIA--TÉRMINO DE MATERIA
Término de materia o nombre geográfico como elemento de entrada Poesía española
Subdivisión cronológica SIGLO XVIII
9 (RLIN) 15870
650 #4 - PUNTO DE ACCESO ADICIONAL DE MATERIA--TÉRMINO DE MATERIA
Término de materia o nombre geográfico como elemento de entrada Literatura española
Subdivisión cronológica SIGLO XVIII
9 (RLIN) 13698
830 #0 - PUNTO DE ACCESO ADICIONAL DE SERIE-TÍTULO UNIFORME
Título uniforme Austral.
Nombre de parte o sección de la obra Gris: clásicos;
Designación de volumen o secuencia 46
9 (RLIN) 8199
910 ## - DATOS DE OPCIÓN DEL USUARIO (OCLC)
Datos de opción del usuario WM
Existencias
Estado de retiro Estado de pérdida Restricciones de uso No para préstamo Código de colección Localización permanente Ubicación/localización actual Ubicación en estantería Fecha de adquisición Número de inventario Total de préstamos Signatura topográfica completa Código de barras Fecha visto por última vez Precio válido a partir de Tipo de ítem Koha
        Monografías: Libros y Folletos General General Depósito 22.07.2010 LF1   861.5 R618r, 1968 20130-10 25.06.2020 25.06.2020 Préstamo en sala

Con tecnología Koha